<?xml version="1.0" encoding="UTF-8"?>
<record
    xmlns:xsi="http://www.w3.org/2001/XMLSchema-instance"
    xsi:schemaLocation="http://www.loc.gov/MARC21/slim http://www.loc.gov/standards/marcxml/schema/MARC21slim.xsd"
    xmlns="http://www.loc.gov/MARC21/slim">

  <leader>00966nem a2200253 u 4500</leader>
  <controlfield tag="005">20160518115331.0</controlfield>
  <controlfield tag="008">160518b1993    -us||||| |a|| 00| 0 spa d</controlfield>
  <datafield tag="040" ind1=" " ind2=" ">
    <subfield code="a">CO-BoIAVH</subfield>
    <subfield code="c">CO-BoIAVH</subfield>
  </datafield>
  <datafield tag="041" ind1=" " ind2=" ">
    <subfield code="a">eng</subfield>
  </datafield>
  <datafield tag="044" ind1=" " ind2=" ">
    <subfield code="a">xxu</subfield>
  </datafield>
  <datafield tag="090" ind1=" " ind2=" ">
    <subfield code="a">MC-</subfield>
    <subfield code="b">0276</subfield>
  </datafield>
  <datafield tag="110" ind1="1" ind2=" ">
    <subfield code="a">Estados Unidos.</subfield>
    <subfield code="b">Defense Mapping Agency.</subfield>
    <subfield code="9">69001</subfield>
  </datafield>
  <datafield tag="245" ind1="1" ind2=" ">
    <subfield code="a">Chimichagua :</subfield>
    <subfield code="b">Colombia.</subfield>
    <subfield code="c">preparado y publicado por Defense Mapping</subfield>
    <subfield code="h">[Material Cartografico]/</subfield>
  </datafield>
  <datafield tag="255" ind1=" " ind2=" ">
    <subfield code="a">1:100,000</subfield>
  </datafield>
  <datafield tag="260" ind1=" " ind2=" ">
    <subfield code="a">Estados Unidos :</subfield>
    <subfield code="b">Defense Mapping Agency,</subfield>
    <subfield code="c">1993.</subfield>
  </datafield>
  <datafield tag="300" ind1=" " ind2=" ">
    <subfield code="a">1 mapa :</subfield>
    <subfield code="b">color. ;</subfield>
    <subfield code="c"> 60 x 76 cm</subfield>
  </datafield>
  <datafield tag="650" ind1="1" ind2="6">
    <subfield code="a">Infraestructura.</subfield>
    <subfield code="z">Chimichagua (Colombia).</subfield>
    <subfield code="v">Mapa</subfield>
    <subfield code="9">69002</subfield>
  </datafield>
  <datafield tag="650" ind1="1" ind2="6">
    <subfield code="a">Geograf&#xED;a.</subfield>
    <subfield code="z">Chimichagua(Colombia).</subfield>
    <subfield code="v">Mapa</subfield>
    <subfield code="9">69003</subfield>
  </datafield>
  <datafield tag="650" ind1="1" ind2="6">
    <subfield code="a"> Recursos de la tierra.</subfield>
    <subfield code="z">Chimichagua  (Colombia).</subfield>
    <subfield code="v">Mapa</subfield>
    <subfield code="9">69004</subfield>
  </datafield>
  <datafield tag="650" ind1="1" ind2="6">
    <subfield code="a">Carreteras.</subfield>
    <subfield code="z">Chimichagua (Colombia).</subfield>
    <subfield code="v">Mapa</subfield>
    <subfield code="9">69005</subfield>
  </datafield>
  <datafield tag="650" ind1="1" ind2="6">
    <subfield code="a">Hidrograf&#xED;a.</subfield>
    <subfield code="z">Chimichagua (Colombia).</subfield>
    <subfield code="v">Mapa</subfield>
    <subfield code="9">69006</subfield>
  </datafield>
  <datafield tag="651" ind1=" " ind2=" ">
    <subfield code="a">Colombia.</subfield>
    <subfield code="v">Mapa.</subfield>
    <subfield code="9">69007</subfield>
  </datafield>
  <datafield tag="942" ind1=" " ind2=" ">
    <subfield code="2">z</subfield>
    <subfield code="c">Mapa</subfield>
  </datafield>
  <datafield tag="999" ind1=" " ind2=" ">
    <subfield code="c">18636</subfield>
    <subfield code="d">18636</subfield>
  </datafield>
  <datafield tag="952" ind1=" " ind2=" ">
    <subfield code="0">0</subfield>
    <subfield code="1">0</subfield>
    <subfield code="2">z</subfield>
    <subfield code="4">0</subfield>
    <subfield code="7">0</subfield>
    <subfield code="8">CARTOGRAFI</subfield>
    <subfield code="a">Bogota</subfield>
    <subfield code="b">Bogota</subfield>
    <subfield code="d">2016-05-18</subfield>
    <subfield code="l">0</subfield>
    <subfield code="o">MC-0276</subfield>
    <subfield code="p">040356</subfield>
    <subfield code="r">2016-05-18 00:00:00</subfield>
    <subfield code="t">Ej.1</subfield>
    <subfield code="w">2016-05-18</subfield>
    <subfield code="y">Mapa</subfield>
  </datafield>
</record>
